| 000 | 00951nam a2200265 a 4500 | ||
|---|---|---|---|
| 001 | 000008353 | ||
| 003 | DO-SdBNP | ||
| 005 | 20250430121825.0 | ||
| 008 | 090916t1992 dr d 000 0 spa d | ||
| 040 |
_aDO-SdBNP _bspa _cBNPHU |
||
| 082 | 4 |
_a658.3 _bR696t _222 |
|
| 100 | 1 |
_aRodríguez Rodríguez, Víctor Melitón _922549 |
|
| 245 | 1 | 3 |
_aEl trabajo en equipo en la administración moderna / _cVíctor Melitón Rodríguez Rodríguez; prólogo Frank A. Friedheim. |
| 260 |
_aSanto Domingo : _bBNPHU, _c1992. |
||
| 300 |
_a98 p. : _bdiagr. ; _c23 cm. |
||
| 490 | 1 | _aOrfeo (2ª etapa) | |
| 500 | _aIncluye referencias bibliográficas y notas al pie de las páginas | ||
| 504 | _aBibliografía: p. 95-98 | ||
| 590 | _aInventariado, 2018/ YL | ||
| 650 | 0 |
_aAdministración de personal _91581 |
|
| 700 | 1 |
_aFriedheim, Frank, _dpról. _922550 |
|
| 830 | 0 |
_aOrfeo (2ª etapa) _922551 |
|
| 910 | _aValidado. Control de calidad EMS. | ||
| 942 |
_2ddc _cLBS1 |
||
| 999 |
_c8124 _d8124 |
||